00465nam a2200169Ia 4500082002000000245004000020260004000060300001000100440002500110504001900135650001900154650002200173650003000195650003200225700002000257700001800277 a305.800954 TRI; 0aTribal world and its transformation aNew DelhibConcept Publishingc1980 a270p. aXth ICAES series; 1 aIncludes Index aTribes - India aEthnology - India aTribal government - India aIndia - Economic conditions aBhupinder Singh aBhandari, J S